| 000 | 00877nam a2200265Ia 4500 | ||
|---|---|---|---|
| 003 | OSt | ||
| 005 | 20221006154133.0 | ||
| 006 | a|||||r|||| 00| 0 | ||
| 007 | ta | ||
| 008 | 221006b |||||||| |||| 00| 0 eng d | ||
| 020 |
_a0674002423 _c¥8159 |
||
| 024 | _a34,523 | ||
| 037 |
_bGift, Japan Foundation _cTextual |
||
| 040 |
_aEASL _cEASL _beng |
||
| 041 |
_2eng _aeng |
||
| 082 | _aW.42.N45<-M68, P0 | ||
| 100 |
_aLewis Michael Au. _9666777 |
||
| 245 | 0 |
_aBecoming apart _b National power and local politics in Toyama, 1868-1945 |
|
| 260 |
_aCambridge _bHarvard University Asia Center _c2000 |
||
| 300 |
_a340p. _ccm. |
||
| 490 |
_v JEL _aHarvard East Asian Monographs |
||
| 650 |
_aToyama-ken-Japan-Politics and government _9666778 |
||
| 942 |
_hW.42.N45<-M68, P0 _cTEXL _2CC |
||
| 999 |
_c1102609 _d1102609 |
||